Statistics for Beatles Song Initials

Click here to take the quiz!

General Stats

  • This quiz has been taken 108 times
  • The average score is 22 of 50

Answer Stats

InitialSong% Correct
HJHey Jude
77%
EREleanor Rigby
75%
LMDLove Me Do
74%
GTGYIMLGot to Get You into My Life
68%
OLD, OLDOb-La-Di, Ob-La-Da
68%
LIBLet it Be
67%
PLPenny Lane
63%
GBGet Back
62%
AHDNA Hard Day's Night
58%
LITSWDLucy in the Sky with Diamonds
58%
SFFStrawberry Fields Forever
58%
YSYellow Submarine
58%
PPMPlease Please Me
56%
TEThe End
53%
DLMDDon't Let Me Down
51%
HCTSHere Comes the Sun
49%
LMLady Madonna
47%
WALHFMFWith a Little Help from My Friends
47%
BFTBOMKBeing for the Benefit of Mr. Kite!
44%
CBMLCan't Buy Me Love
44%
FMTYFrom Me to You
44%
ISHSTI Saw Her Standing There
44%
ISHSTI Saw Her Standing There
44%
NMNowhere Man
44%
EDAWEight Days a Week
42%
AYNILAll You Need is Love
41%
HSHelter Skelter
41%
ATUAcross the Universe
40%
AMLAll My Loving
40%
BITUBack in the U.S.S.R.
40%
TTRTicket to Ride
40%
WCWIOWe Can Work It Out
40%
CTCome Together
38%
HGHello, Goodbye
38%
DPDear Prudence
37%
DMCDrive My Car
36%
IJSAFI've Just Seen a Face
36%
PSILYP.S. I Love You
36%
SPLHCBSgt. Pepper's Lonely Hearts Club Band
36%
MMTMagical Mystery Tour
34%
AILHAnd I Love Her
33%
ODOh! Darling
33%
GSGolden Slumbers
25%
ATNAll Together Now
23%
CTWCarry That Weight
22%
IGAFI've Got a Feeling
22%
AGAnother Girl
16%
HMTHold Me Tight
10%
ILTYI'm Looking Through You
10%
AMWAsk Me Why
8%

Score Distribution

Percentile by Number Answered

Percent of People with Each Score

Your Score History

You have not taken this quiz